[Event "HUN-chT2 9900"]
[Site "?"]
[Date "1999.09.26"]
[Round "1"]
[White "Valko Krisztian"]
[Black "Szakolczai Peter"]
[Result "1-0"]
[WhiteElo "2084"]
[BlackElo "2165"]
[PlyCount "55"]
[EventDate "1999.??.??"]
[Source "www.chesslib.no"]
[SourceDate "2004.05.04"]

1. e4 c5 2. Nf3 e6 3. d4 cxd4 4. Nxd4 Nf6 5. Nc3 Nc6 6. Ndb5 Bb4 7. Nd6+ Kf8 8. Bf4 e5 9. Bg5 Nd4 10. Nc4 Qc7 11. Bxf6 gxf6 12. a3 Bxc3+ 13. bxc3 Ne6 14. Qf3 b5 15. Nd2 Ke7 16. Bxb5 Bb7 17. O-O Rhg8 18. Rfd1 a6 19. Bf1 h5 20. Qe3 h4 21. Nc4 Nf4 22. Nd6 Nxg2 23. Bxg2 h3 24. Nxb7 Rxg2+ 25. Kh1 Qxb7 26. Qc5+ Kd8 27. Rab1 Qc7 28. Qd5 1-0

[Event "Manresa op"]
[Site "Manresa"]
[Date "1996.??.??"]
[Round "3"]
[White "Prat, A."]
[Black "Bautista Sanchez, Joan"]
[Result "0-1"]
[WhiteElo "2015"]
[BlackElo "2225"]
[PlyCount "58"]
[EventDate "1996.??.??"]
[Source "www.chesslib.no"]
[SourceDate "2004.05.04"]

1. e4 c5 2. Nf3 Nc6 3. d4 cxd4 4. Nxd4 Nf6 5. Nc3 e6 6. Ndb5 Bb4 7. Nd6+ Ke7 8. Nxc8+ Rxc8 9. Bd3 d5 10. exd5 Nxd5 11. O-O Nxc3 12. bxc3 Bxc3 13. Rb1 Qd7 14. Ba3+ Ke8 15. Qe2 Nd4 16. Qe4 b5 17. Bxb5 Nxb5 18. Rfd1 Nd4 19. Kh1 f5 20. Qe5 Kf7 21. Rb3 Rhd8 22. Qe3 Qc6 23. Qg5 Rd7 24. Rbb1 Nxc2 25. Qh5+ Kg8 26. Rxd7 Qxd7 27. Rd1 Qf7 28. Qxf7+ Kxf7 29. Rd7+ Kg6 0-1

[Event "Bader mem op"]
[Site "Heves"]
[Date "1999.10.23"]
[Round "5"]
[White "Szekeres, Sandor"]
[Black "Hidegh, Gabor"]
[Result "0-1"]
[WhiteElo "2162"]
[BlackElo "2064"]
[PlyCount "94"]
[EventDate "1999.10.22"]
[Source "www.chesslib.no"]
[SourceDate "2004.05.04"]

1. e4 c5 2. Nf3 Nc6 3. d4 cxd4 4. Nxd4 Nf6 5. Nc3 e6 6. Ndb5 Bb4 7. Nd6+ Ke7 8. Nxc8+ Rxc8 9. Bd3 d5 10. exd5 Nxd5 11. Bd2 Nxc3 12. bxc3 Ba5 13. Rb1 Qd7 14. Qg4 g6 15. Rb5 Bb6 16. O-O f6 17. Re1 Ne5 18. Rbxe5 fxe5 19. Rxe5 Rc6 20. Bg5+ Kf7 21. Qf3+ Ke8 22. Bb5 Rf8 23. Qg4 Rxf2 24. Qxe6+ Qxe6 25. Rxe6+ Kf7 26. Be3 Rxe6 27. Bxb6 Rxb6 28. Bc4+ Kf6 29. Kxf2 Rc6 30. Bb3 Rxc3 31. Ke2 b5 32. h3 a5 33. Kd2 Rg3 34. Bd5 Ke5 35. Bf3 b4 36. Kd3 Kf4 37. Kc4 h5 38. Kb5 Rxf3 39. gxf3 Kxf3 40. Kxa5 g5 41. Kxb4 g4 42. hxg4 hxg4 43. c4 g3 44. c5 g2 45. Kb5 g1=Q 46. c6 Qa7 47. a4 Ke4 0-1

[Event "DLM U20"]
[Site "Werfen Essen"]
[Date "2002.07.30"]
[Round "4.1"]
[White "Werner, Daniel"]
[Black "Frackowiak, Oliver"]
[Result "1/2-1/2"]
[WhiteElo "2093"]
[BlackElo "2071"]
[PlyCount "38"]
[EventDate "2002.07.28"]
[Source "ChessBase"]
[SourceDate "2002.09.11"]

1. e4 c5 2. Nf3 Nc6 3. d4 cxd4 4. Nxd4 Nf6 5. Nc3 e6 6. Ndb5 Bb4 7. Nd6+ Ke7 8. Bf4 e5 9. Nf5+ Kf8 10. Bd2 Bxc3 11. bxc3 d5 12. exd5 Qxd5 13. Ne3 Qc5 14. Bd3 g6 15. O-O Kg7 16. Qf3 Re8 17. Qg3 e4 18. Be2 Be6 19. Rab1 Rad8 1/2-1/2

[Event "FRA-ch (Women)"]
[Site "Val d'Isere"]
[Date "2002.08.22"]
[Round "4"]
[White "Marchadour, Claire"]
[Black "Verot, Melanie"]
[Result "1/2-1/2"]
[WhiteElo "2081"]
[BlackElo "2077"]
[PlyCount "126"]
[EventDate "2002.08.19"]
[Source "ChessBase"]
[SourceDate "2002.09.11"]

1. e4 c5 2. Nf3 e6 3. d4 cxd4 4. Nxd4 Nf6 5. Nc3 Nc6 6. Ndb5 Bb4 7. Nd6+ Ke7 8. Nxc8+ Rxc8 9. Bd2 d5 10. exd5 Nxd5 11. Qg4 Bxc3 12. bxc3 g6 13. Be2 Ne5 14. Qa4 a6 15. c4 Nb6 16. Qa3+ Ke8 17. c5 Nbd7 18. f4 Nc6 19. Qb2 Rg8 20. Be3 Qa5+ 21. Bd2 Qxc5 22. Qxb7 Nd4 23. Bd3 a5 24. c3 Nf5 25. Bb5 Rc7 26. Qa8+ Rc8 27. Qxa5 Ke7 28. Qb4 Nd6 29. Qxc5 Nxc5 30. c4 Rgd8 31. Ba5 Rg8 32. O-O Nd3 33. Rad1 Nb2 34. Rc1 Nbxc4 35. Bb4 Ne3 36. Rfe1 Nd5 37. Bxd6+ Kxd6 38. Red1 Rxc1 39. Rxc1 Nxf4 40. Rc6+ Ke5 41. Rc7 Kf6 42. a4 Nd5 43. Rb7 Ra8 44. Bc6 Ra6 45. Be8 Ne7 46. Bb5 Ra8 47. Kf2 Nf5 48. Rd7 e5 49. Rb7 Nd4 50. Rb6+ Kf5 51. Bd7+ Ke4 52. Rf6 Rf8 53. a5 Ra8 54. a6 Kd5 55. Rxf7 Rxa6 56. Rxh7 e4 57. Be8 Nf5 58. Rd7+ Ke5 59. Bf7 Rb6 60. Rd5+ Kf4 61. g3+ Kg4 62. Bxg6 Rxg6 63. h3+ Kxh3 1/2-1/2

[Event "SVK Team Ch"]
[Site "Slovakia"]
[Date "1994.??.??"]
[Round "?"]
[White "Sorsak, Jozef Sr"]
[Black "Chladny, Roman"]
[Result "1-0"]
[WhiteElo "2110"]
[BlackElo "2020"]
[PlyCount "115"]
[EventDate "1994.??.??"]
[Source "www.chesslib.no"]
[SourceDate "2004.05.04"]

1. e4 c5 2. Nf3 e6 3. d4 cxd4 4. Nxd4 Nf6 5. Nc3 Nc6 6. Ndb5 Bb4 7. Nd6+ Ke7 8. Bf4 e5 9. Nf5+ Kf8 10. Bd2 d5 11. Ng3 d4 12. Nb1 Be6 13. Bxb4+ Nxb4 14. a3 Nc6 15. Nd2 h5 16. h4 g6 17. Nf3 Qb6 18. Qc1 Rc8 19. Ng5 Na5 20. Nxe6+ fxe6 21. Bd3 Kg7 22. Rb1 Ng4 23. Qg5 Kf7 24. O-O Qd8 25. Qxd8 Rhxd8 26. Rfe1 Nc4 27. Nf1 Ke7 28. Nh2 Nh6 29. Nf3 Nf7 30. Re2 Ncd6 31. Nd2 a6 32. Rf1 Rd7 33. Rc1 Nd8 34. Rf1 b5 35. f4 Nc6 36. f5 exf5 37. exf5 gxf5 38. Bxf5 Nxf5 39. Rxf5 Rh8 40. Nf3 Ke6 41. Nxe5 Kxf5 42. Nxd7 Rd8 43. Nc5 a5 44. Re6 Ne5 45. Rb6 Nc4 46. Rxb5 Kg4 47. Ne6 Rg8 48. Nxd4 Rg6 49. b3 Nxa3 50. Rxa5 Nb1 51. Nf3 Rd6 52. c4 Nc3 53. c5 Rd1+ 54. Kh2 Rd5 55. b4 Ne4 56. c6 Rd1 57. c7 Rc1 58. Rc5 1-0

[Event "Herceg Novi"]
[Site "?"]
[Date "2006.09.18"]
[Round "8.2"]
[White "Dragun Kamil"]
[Black "Plat Vojtech"]
[Result "1/2-1/2"]
[WhiteElo "1893"]
[BlackElo "2216"]
[PlyCount "88"]
[EventDate "2006.??.??"]
[Source "www.chesslib.no"]
[SourceDate "2004.05.04"]

1. e4 c5 2. Nf3 Nc6 3. d4 cxd4 4. Nxd4 Nf6 5. Nc3 e6 6. Ndb5 Bb4 7. Nd6+ Ke7 8. Nxc8+ Rxc8 9. Bd3 Re8 10. O-O Kf8 11. Bg5 Be7 12. f4 d6 13. f5 exf5 14. Rxf5 Ne5 15. Bxf6 Bxf6 16. Nd5 Re6 17. Nf4 Re8 18. Nd5 Re6 19. Qe2 Nd7 20. Raf1 Qa5 21. a3 Re5 22. Rxe5 Qc5+ 23. Kh1 dxe5 24. b4 Qd6 25. Bb5 Be7 26. Bc4 Nf6 27. Bb3 Kg8 28. Qb5 Rb8 29. Qc4 Qd7 30. Rd1 Nxd5 31. Rxd5 Bd6 32. Rd3 Qe7 33. Rf3 Rf8 34. Qd5 b6 35. h3 g6 36. c3 Kg7 37. a4 f6 38. Rf1 Rd8 39. Qc6 Qc7 40. b5 Rc8 41. Qd5 Qe7 42. Rf3 Rd8 43. Qc4 Bc5 44. Rd3 Rxd3 1/2-1/2

[Event "Budapest FS11 FM"]
[Site "Budapest"]
[Date "2001.??.??"]
[Round "12"]
[White "Sztruhar, Zsuzsa"]
[Black "Harsanyi, Kinga"]
[Result "1-0"]
[WhiteElo "2085"]
[BlackElo "2000"]
[PlyCount "105"]
[EventDate "2001.11.03"]
[Source "ChessBase"]
[SourceDate "2002.01.21"]

1. e4 c5 2. Nf3 Nc6 3. d4 cxd4 4. Nxd4 Nf6 5. Nc3 e6 6. Ndb5 Bb4 7. Nd6+ Ke7 8. Bf4 Qa5 9. Qd2 Ne5 10. a3 Bxc3 11. bxc3 Qc5 12. Rd1 h6 13. Be2 Rd8 14. O-O Kf8 15. Rb1 b6 16. Rb5 Nc4 17. Bxc4 Qc6 18. Rb4 a5 19. Bb5 axb4 20. Bxc6 dxc6 21. axb4 Nxe4 22. Nxe4 Rxd2 23. Nxd2 Ra2 24. Rc1 f6 25. Bc7 b5 26. f3 e5 27. c4 Bf5 28. cxb5 cxb5 29. Ne4 Ke7 30. Bd6+ Ke6 31. Bc5 Bxe4 32. fxe4 g6 33. Kf2 f5 34. Ke3 Ra3+ 35. c3 Ra2 36. Rg1 Ra3 37. Rc1 Ra2 38. Rg1 Ra3 39. exf5+ gxf5 40. Kd3 Kd5 41. Rd1 Ke6 42. Re1 Kd5 43. Rd1 Ke6 44. Bf8 h5 45. Bc5 e4+ 46. Kd4 Ra2 47. Rg1 Rd2+ 48. Ke3 Rd3+ 49. Kf4 Rxc3 50. Kg5 Ke5 51. Rf1 f4 52. Rxf4 e3 53. Bd4+ 1-0

[Event "Corr"]
[Site "?"]
[Date "2000.03.10"]
[Round "?"]
[White "Heinrich Jan"]
[Black "Draba Henryk"]
[Result "0-1"]
[WhiteElo "2003"]
[BlackElo "1933"]
[PlyCount "76"]
[EventDate "2000.??.??"]
[Source "www.chesslib.no"]
[SourceDate "2004.05.04"]

1. e4 c5 2. Nf3 e6 3. d4 cxd4 4. Nxd4 Nf6 5. Nc3 Nc6 6. Ndb5 Bb4 7. Nd6+ Ke7 8. Nxc8+ Rxc8 9. Bd2 Bxc3 10. Bxc3 Nxe4 11. Bxg7 Qb6 12. Qf3 Qb4+ 13. Bc3 Nxc3 14. bxc3 Qb2 15. Rd1 Ne5 16. Qe3 Qxc3+ 17. Qxc3 Rxc3 18. f4 Nc4 19. Bd3 Nb2 20. Rd2 Nxd3+ 21. cxd3 Rc1+ 22. Rd1 Rhc8 23. O-O R1c2 24. a4 Ra2 25. Ra1 Rcc2 26. Rxa2 Rxa2 27. Rb1 a5 28. Rxb7 Rxa4 29. Ra7 Ra2 30. h3 a4 31. Kh2 Ra3 32. Ra5 Ra1 33. d4 a3 34. d5 exd5 35. Rxd5 a2 36. Ra5 d5 37. Kg3 d4 38. Kf2 d3 0-1

[Event "IDS op-29 A"]
[Site "Dortmund"]
[Date "2001.07.14"]
[Round "3"]
[White "Heinicke, Wenke"]
[Black "Overbeck, Christopher"]
[Result "1-0"]
[WhiteElo "2090"]
[BlackElo "1820"]
[PlyCount "76"]
[EventDate "2001.07.12"]
[Source "www.chesslib.no"]
[SourceDate "2004.05.04"]

1. e4 c5 2. Nf3 e6 3. d4 cxd4 4. Nxd4 Nf6 5. Nc3 Nc6 6. Ndb5 Bb4 7. Nd6+ Ke7 8. Bf4 e5 9. Nf5+ Kf8 10. Bg5 d5 11. Bxf6 Qxf6 12. Qxd5 Bxf5 13. exf5 Rd8 14. Qe4 Rd4 15. Qe3 Ne7 16. Be2 Nd5 17. Qf3 Qc6 18. O-O Bxc3 19. bxc3 Nxc3 20. Bd1 Rf4 21. Qd3 Rd4 22. Qe3 Qc5 23. Bf3 b6 24. f6 gxf6 25. Qh6+ Ke7 26. Qg7 Qc8 27. Rfe1 Rd6 28. Bg4 Qg8 29. Rxe5+ fxe5 30. Qxe5+ Re6 31. Bxe6 fxe6 32. Qxc3 Qc8 33. Qg7+ Kd6 34. Rd1+ Kc6 35. Qxa7 Rd8 36. Qa4+ Kb7 37. Qe4+ Ka7 38. Qxh7+ Ka6 1-0

[Event "White Nights"]
[Site "?"]
[Date "2005.06.24"]
[Round "7"]
[White "Bazhenova Dina"]
[Black "Bragina Anastasia"]
[Result "0-1"]
[WhiteElo "1890"]
[BlackElo "1961"]
[PlyCount "56"]
[EventDate "2005.??.??"]
[Source "www.chesslib.no"]
[SourceDate "2004.05.04"]

1. e4 c5 2. Nf3 e6 3. d4 cxd4 4. Nxd4 Nf6 5. Nc3 Nc6 6. Ndb5 Bb4 7. Nd6+ Ke7 8. Nxc8+ Rxc8 9. Bd3 d5 10. exd5 Qxd5 11. O-O Bxc3 12. bxc3 Rhd8 13. Ba3+ Ke8 14. Qe2 Qa5 15. Bb2 Kf8 16. c4 Nd4 17. Qe3 Qc5 18. a4 Kg8 19. Ba3 Qh5 20. Bb2 Ng4 21. Qg3 Ne5 22. Rfe1 Nxc4 23. Bxc4 Rxc4 24. Re4 Qd1+ 25. Rxd1 Ne2+ 26. Kf1 Nxg3+ 27. hxg3 Rxd1+ 28. Re1 Rxe1+ 0-1

[Event "Cataluna Club op"]
[Site "ESP"]
[Date "1999.??.??"]
[Round "?"]
[White "Sanz Calzada, Bernat"]
[Black "Jordan Garcia, Josep Maria"]
[Result "0-1"]
[WhiteElo "1900"]
[BlackElo "1945"]
[PlyCount "67"]
[EventDate "1999.??.??"]
[Source "www.chesslib.no"]
[SourceDate "2004.05.04"]

1. e4 c5 2. Nf3 Nc6 3. d4 cxd4 4. Nxd4 Nf6 5. Nc3 e6 6. Ndb5 Bb4 7. Nd6+ Ke7 8. Nxc8+ Rxc8 9. Bd2 d5 10. exd5 Nxd5 11. Nxd5+ Qxd5 12. Bxb4+ Nxb4 13. Qxd5 Nxc2+ 14. Kd2 exd5 15. Rc1 Nb4 16. Be2 Nc6 17. Rc3 Kd6 18. Rhc1 Ne7 19. Bg4 Rxc3 20. Rxc3 Nc6 21. f4 Re8 22. b4 Re4 23. b5 Ne7 24. Ra3 Rxf4 25. Be2 Nc8 26. Rc3 Nb6 27. Rc1 Ra4 28. Ra1 Nc4+ 29. Kc3 Kc5 30. Kd3 Ra3+ 31. Kc2 Kxb5 32. Rb1+ Kc6 33. Bxc4 dxc4 34. Kb2 0-1

[Event "Tournament (youth)"]
[Site "St. Petersburg (Russia)"]
[Date "2008.01.11"]
[Round "7"]
[White "Martynova Anastasia (RUS)"]
[Black "Belenkaya Dina (RUS)"]
[Result "0-1"]
[WhiteElo "1873"]
[BlackElo "1922"]
[PlyCount "54"]
[EventDate "2008.??.??"]
[Source "www.chesslib.no"]
[SourceDate "2004.05.04"]

1. e4 c5 2. Nf3 e6 3. d4 cxd4 4. Nxd4 Nf6 5. Nc3 Nc6 6. Ndb5 Bb4 7. Nd6+ Ke7 8. Nxc8+ Rxc8 9. Bg5 Qa5 10. Bxf6+ gxf6 11. Qd2 Ne5 12. f4 Nc4 13. Bxc4 Rxc4 14. O-O-O Rc7 15. e5 f5 16. Kb1 Rd8 17. Qf2 Bxc3 18. Qh4+ Ke8 19. Qf6 d5 20. bxc3 Qxc3 21. Qh8+ Kd7 22. Qxh7 Qxc2+ 23. Ka1 Qc3+ 24. Kb1 Rc6 25. Qxf7+ Kc8 26. Qxe6+ Rxe6 27. Rc1 Rb6# 0-1

[Event "RLNO BY00/01"]
[Site "Baviera"]
[Date "2001.??.??"]
[Round "8"]
[White "Erhard, Walter"]
[Black "Fink, Martin"]
[Result "1-0"]
[WhiteElo "1820"]
[BlackElo "1930"]
[PlyCount "51"]
[EventDate "2001.01.28"]
[Source "www.chesslib.no"]
[SourceDate "2004.05.04"]

1. e4 c5 2. Nf3 Nc6 3. d4 cxd4 4. Nxd4 e6 5. Nc3 Bb4 6. Ndb5 Nf6 7. Nd6+ Ke7 8. Bf4 Qa5 9. Qd2 e5 10. Nc4 Qc5 11. Be3 Nd4 12. a3 Bxc3 13. bxc3 Qc7 14. cxd4 exd4 15. Qxd4 Rd8 16. e5 Ne8 17. Bd3 b5 18. Nd6 Nxd6 19. exd6+ Qxd6 20. Qxd6+ Kxd6 21. Be4 Ba6 22. Bxa8 Rxa8 23. O-O-O+ Kc6 24. Rd2 Bc8 25. Rhd1 a5 26. Rd6+ 1-0

[Event "Slovenie (championnat clubs)"]
[Site "?"]
[Date "2004.11.28"]
[Round "9"]
[White "Orehek Spela"]
[Black "Ahmatovic Mirela"]
[Result "0-1"]
[WhiteElo "1691"]
[BlackElo "1978"]
[PlyCount "82"]
[EventDate "2004.??.??"]
[Source "www.chesslib.no"]
[SourceDate "2004.05.04"]

1. e4 c5 2. Nf3 e6 3. d4 cxd4 4. Nxd4 Nf6 5. Nc3 Nc6 6. Ndb5 Bb4 7. Nd6+ Ke7 8. Bd2 Bxd6 9. Nb5 Bb8 10. Bg5 a6 11. Nd4 Qa5+ 12. Bd2 Qe5 13. Nxc6+ dxc6 14. Bd3 Nxe4 15. Be3 Nc5 16. Qe2 Nxd3+ 17. Qxd3 Qd5 18. Qxd5 cxd5 19. O-O Be5 20. c3 b5 21. Rfe1 Bd6 22. Rad1 Bb7 23. Re2 Kd7 24. g3 Rhc8 25. f4 b4 26. Bd4 g6 27. h3 a5 28. Kh2 Bc5 29. Rdd2 Bxd4 30. cxd4 Rc4 31. h4 Rac8 32. Kh3 a4 33. Kg4 h6 34. h5 Ba6 35. Rf2 b3 36. axb3 axb3 37. hxg6 fxg6 38. Rd1 Rc2 39. Rxc2 Rxc2 40. Rb1 Bd3 41. Kf3 Rh2 0-1

[Event "Schwarzach opB"]
[Site "Schwarzach"]
[Date "1998.08.29"]
[Round "8"]
[White "Buchholz, Karl"]
[Black "Mooslechner, Peter"]
[Result "0-1"]
[WhiteElo "1798"]
[BlackElo "1866"]
[PlyCount "64"]
[EventDate "1998.08.30"]
[Source "www.chesslib.no"]
[SourceDate "2004.05.04"]

1. e4 c5 2. Nf3 Nc6 3. d4 cxd4 4. Nxd4 Nf6 5. Nc3 e6 6. Ndb5 Bb4 7. Nd6+ Ke7 8. Bf4 e5 9. Nxc8+ Rxc8 10. Bg5 Nd4 11. Qd2 Qa5 12. Nd5+ Qxd5 13. Qxb4+ Qc5 14. Qxc5+ Rxc5 15. Bd3 Nxc2+ 16. Bxc2 Rxc2 17. Rb1 Ke6 18. Bxf6 gxf6 19. O-O f5 20. exf5+ Kxf5 21. Rfd1 Ke6 22. a4 Rhc8 23. b4 d5 24. a5 f5 25. b5 Ra2 26. a6 b6 27. g3 Rcc2 28. Rdc1 d4 29. Rxc2 Rxc2 30. Kf1 Kd5 31. h4 d3 32. Ra1 Rb2 0-1

[Event "Centurion"]
[Site "?"]
[Date "2004.??.??"]
[Round "7"]
[White "Hopkins Gregory A"]
[Black "Meintjes Jacques C"]
[Result "0-1"]
[WhiteElo "1687"]
[BlackElo "1927"]
[PlyCount "40"]
[EventDate "2004.??.??"]
[Source "www.chesslib.no"]
[SourceDate "2004.05.04"]

1. e4 c5 2. Nf3 e6 3. d4 cxd4 4. Nxd4 Nf6 5. Nc3 Nc6 6. Ndb5 Bb4 7. Nd6+ Ke7 8. Bf4 e5 9. Nf5+ Kf8 10. Bg5 d5 11. Bxf6 Qxf6 12. Qxd5 Bxf5 13. exf5 Rd8 14. Qb3 Qxf5 15. Bd3 e4 16. Be2 a5 17. Rd1 Nd4 18. Qc4 Nxc2+ 19. Kf1 Rxd1+ 20. Bxd1 Ne3+ 0-1

[Event "Gausdal"]
[Site "?"]
[Date "2003.10.26"]
[Round "7"]
[White "Bull Håkon"]
[Black "Vea Odin Blikra"]
[Result "0-1"]
[WhiteElo "1502"]
[BlackElo "2075"]
[PlyCount "54"]
[EventDate "2003.??.??"]
[Source "www.chesslib.no"]
[SourceDate "2004.05.04"]

1. e4 c5 2. Nf3 Nc6 3. d4 cxd4 4. Nxd4 Nf6 5. Nc3 e6 6. Ndb5 Bb4 7. Nd6+ Ke7 8. Bf4 e5 9. Nf5+ Kf8 10. Bg5 d5 11. a3 Bxc3+ 12. bxc3 Qa5 13. Ng3 Qxc3+ 14. Bd2 Qc5 15. exd5 Ng4 16. Ne4 Qd4 17. dxc6 Qxe4+ 18. Qe2 Qxc6 19. Bb4+ Kg8 20. f3 Nf6 21. Qxe5 a5 22. Bb5 Qxc2 23. Qe7 Be6 24. Bxa5 Bc4 25. Rd1 Bxb5 26. Rd8+ Rxd8 27. Qxd8+ Ne8 0-1

[Event "Finistere-chT 0001"]
[Site "?"]
[Date "2000.??.??"]
[Round "?"]
[White "Jaouen Bruno"]
[Black "Le Goff Damien"]
[Result "0-1"]
[WhiteElo "1640"]
[BlackElo "1760"]
[PlyCount "60"]
[EventDate "2000.??.??"]
[Source "www.chesslib.no"]
[SourceDate "2004.05.04"]

1. e4 c5 2. Nf3 e6 3. d4 cxd4 4. Nxd4 Nf6 5. Nc3 Nc6 6. Ndb5 Bb4 7. Nd6+ Kf8 8. f4 Qa5 9. e5 Nd5 10. Bd2 Nxc3 11. Bxc3 Bxc3+ 12. bxc3 Qxc3+ 13. Kf2 g6 14. Rb1 b6 15. Bb5 Na5 16. Qe2 a6 17. Ba4 b5 18. Bb3 Qd4+ 19. Kg3 Qc3+ 20. Kf2 Nb7 21. Rhd1 Nxd6 22. Rxd6 f6 23. Rbd1 Ke7 24. R1d3 Qc5+ 25. Kg3 fxe5 26. fxe5 Rf8 27. Qe4 Qf2+ 28. Kh3 Qf5+ 29. Qxf5 Rxf5 30. Re3 Rxe5 0-1

[Event "NZL-ch Major op"]
[Site "?"]
[Date "1999.??.??"]
[Round "3.5"]
[White "Donaldson Bruce"]
[Black "Stracy Don M"]
[Result "1-0"]
[WhiteElo "1466"]
[BlackElo "1696"]
[PlyCount "137"]
[EventDate "1999.??.??"]
[Source "www.chesslib.no"]
[SourceDate "2004.05.04"]

1. e4 c5 2. Nf3 e6 3. d4 cxd4 4. Nxd4 Nf6 5. Nc3 Nc6 6. Ndb5 Bb4 7. Nd6+ Ke7 8. Nxc8+ Rxc8 9. Bd3 d5 10. exd5 Qxd5 11. O-O Qh5 12. Qxh5 Nxh5 13. Ne4 h6 14. Be3 Nf6 15. Nxf6 Kxf6 16. Rfd1 Rhd8 17. c3 Bd6 18. Rd2 Rd7 19. Rad1 Ke7 20. Be2 Rcd8 21. Kf1 Bc7 22. Bc5+ Bd6 23. Be3 Bc7 24. Rxd7+ Rxd7 25. Rxd7+ Kxd7 26. Bb5 a6 27. Ba4 b5 28. Bd1 Ne7 29. h3 Nd5 30. Bd2 Kc6 31. a4 Be5 32. axb5+ axb5 33. Ke2 Kc5 34. g3 b4 35. Kd3 f5 36. c4 Nf6 37. b3 Ne4 38. Be3+ Kd6 39. Bf3 Nc5+ 40. Kc2 Bc3 41. g4 fxg4 42. hxg4 g5 43. Bd1 Ne4 44. f4 Bf6 45. fxg5 hxg5 46. Bf3 Nc5 47. Bd2 Na6 48. Bb7 Nc5 49. Bxb4 Bd4 50. Bf3 Be3 51. Bc3 Nd7 52. b4 Bf4 53. Bd2 e5 54. c5+ Kc7 55. Be1 Nf6 56. Kd3 e4+ 57. Bxe4 Nxg4 58. b5 Nf6 59. Ba5+ Kb8 60. Bg2 Nd7 61. Kc4 Be3 62. c6 Nb6+ 63. Kd3 Bc5 64. Be1 Kc7 65. Ke4 Nc4 66. Kd5 Ne3+ 67. Kxc5 Nxg2 68. b6+ Kb8 69. Bg3+ 1-0

[Event "Corr"]
[Site "?"]
[Date "2004.08.13"]
[Round "?"]
[White "Garcia Arsenio"]
[Black "Chedid Rafael Antonio"]
[Result "0-1"]
[WhiteElo "1097"]
[BlackElo "1178"]
[PlyCount "104"]
[EventDate "2004.??.??"]
[Source "www.chesslib.no"]
[SourceDate "2004.05.04"]

1. e4 c5 2. Nf3 Nc6 3. d4 cxd4 4. Nxd4 Nf6 5. Nc3 e6 6. Ndb5 Bb4 7. Nd6+ Ke7 8. Nxc8+ Rxc8 9. Bd3 d5 10. exd5 Nxd5 11. Bd2 Bxc3 12. bxc3 h5 13. O-O Ne5 14. Be4 b6 15. Bxd5 Qxd5 16. Bf4 Qxd1 17. Rfxd1 Ng6 18. Bd2 Rc4 19. a4 Nf4 20. Bxf4 Rxf4 21. Rd4 Rxd4 22. cxd4 Rc8 23. Rc1 Rc4 24. c3 Rxa4 25. h4 Rc4 26. Kf1 Kd6 27. Ke2 b5 28. Kd3 f6 29. Rb1 a6 30. g3 Ra4 31. Rb2 Kd5 32. f4 e5 33. dxe5 fxe5 34. fxe5 Kxe5 35. Re2+ Kd6 36. Rd2 Kc5 37. Rf2 g6 38. Rf6 Rg4 39. Rf3 a5 40. Kc2 b4 41. cxb4+ axb4 42. Kb3 Kb5 43. Rd3 Kc5 44. Rf3 Re4 45. Rd3 Re1 46. Rf3 Ra1 47. Kb2 Ra3 48. Rxa3 bxa3+ 49. Kxa3 Kd4 50. Kb3 Ke4 51. Kc3 Kf3 52. Kd3 Kxg3 0-1